| 000 | 00512nam a2200181Ia 4500 | ||
|---|---|---|---|
| 008 | 191130s1971##################000#0#eng## | ||
| 020 | _a9780333107416 | ||
| 040 |
_aACL _cACL |
||
| 082 | _a330 | ||
| 100 | _aKeynes, John Maynard | ||
| 245 |
_aThe economic consequences of the peace _cJohn Maynard Keynes |
||
| 260 |
_aLondon _bMacmillan Cambridge University Press _c1971 |
||
| 300 | _axxv, 192 p | ||
| 650 | _aEconomics | ||
| 990 | _a6853496bac10000c0226af646d4eb3c6 | ||
| 991 | _a28238 | ||
| 999 |
_c425844 _d425844 |
||